000 00425nam a2200133Ia 4500
005 20260328101459.0
008 260328s9999||||xx |||||||||||||| ||und||
100 _aJanson Pérez, Brittmarie
245 0 _aGolpes y tratados :
_b Piezas para el rompecabezas de nuestra Historia /
_cBrittmarie Janson Pérez
260 _bInstituto de Estudios Políticos e Internacionales
300 _a317 p.
650 _aHISTORIA
942 _cBK
999 _c8913
_d8913